000 00445 a2200157 4500
005 20250610090150.0
020 _a978-93-325-5998-1
082 _a338.04 SCA
100 _aSCARBOROUGH, N.
245 _aEssentials of Entrepreneurship and Small Business Management
250 _a8th Ed.
260 _aNew Delhi
_bPerson Education,
_c2017
300 _axvi,704p.; ill, picture
_bAppendix & Index
_c27cm.
700 _aCORNWALL,J.
942 _2ddc
_cBKS
999 _c3383
_d3383